| 000 | 00477nam a2200157 4500 | ||
|---|---|---|---|
| 001 | 108545 | ||
| 003 | ES-MaACL | ||
| 005 | 20230906184648.0 | ||
| 007 | t| | ||
| 008 | 061121s1964 sp r ||||1| spa d | ||
| 245 | 0 | 3 |
_aLa providencia / _cUn monje trapense ; traducción del Rvdo. Fr. Mª Pablo García Gorriz. |
| 260 |
_aMadrid : _bStudium, _c1964. |
||
| 300 |
_a112 p. ; _c17 cm. |
||
| 700 | 1 |
_aGarcía Górriz, María Pablo. _954716 |
|
| 852 |
_aES-MaACL _jC-25742 _bR.54528 |
||
| 999 |
_c108545 _d108545 |
||